| 000 | 00629nam a2200181Ia 4500 | ||
|---|---|---|---|
| 003 | GCL | ||
| 008 | 140319s9999 xx 000 0 ara d | ||
| 040 |
_aGCL / _cGCL |
||
| 082 | 0 | 4 |
_a415 _bم ا |
| 100 | 1 | _aميشال زكريا | |
| 245 | 1 | 0 |
_aالالسينة التوليدية والتحويلية وقواعد اللغة العربية(الجملة البسيطة) / _cميشال زكريا |
| 260 |
_a[S.N] : _bالمؤسسة الجامعية للدراسات والنشر والتوزيع ، _c1986 |
||
| 300 | _a184 | ||
| 490 | _a | ||
| 650 | 0 | 4 | _aالنحو |
| 650 | 0 | 4 | _aاللغة العربية |
| 942 |
_2ddc _cBK |
||
| 999 |
_c34298 _d34298 |
||